000 01362aam a2200337 i 4500
999 _c46036
_d46036
001 768714001
003 CO-MdFUSB
005 20201109090655.0
007 ta
008 200516t1907 enka|||| |||| 00| 0 eng d
020 _a[No incluye ISBN]
040 _bspa.
_aCO-MdFUSB
_cCO-MdFUSB
_dCO-MdFUSBC
_erda
041 _aeng
082 _223
_a226.06
_bB959
100 1 _aBurkitt, F. Crawford
_eautor
245 1 4 _aThe gospel history and its transmission
_c/ F. Crawford Burkett
264 1 _aEdinburgh, Scotland :
_bT y T CLARK,
_c[1907]
264 4 _c© 1907
300 _a360 páginas
_c; 22 cm
336 _atexto
_btxt
_2rdacontent
337 _2rdamedia
_asin mediación
_bn
338 _2rdacarrier
_avolumen
_bnc
490 _aJowett lectures,
505 _aEl evangelio de Marcos: Su originalidad literaria - El evangelio de Marcos: Su valor histórico - La composición y los personajes literarios de los evangelios de Lucas y Mateo - La enseñanza de Jesucristo - El evangelio de Mateo y Lucas - El cuarto Evangelio - El evangelio canónico - Marción, o cristianismo sin historia - Los rivales de los evangelios canónicos
563 _aPasta dura
630 0 7 _aBiblia
_xCrítica, interpretación, etc.
630 7 _aBiblia.
_pEvangelios
_xCrítica, interpretación, etc.
942 _cBK
945 _aJTF-925